Statistics for Types of Chocolate

Click here to take the quiz!

General Stats

  • This quiz has been taken 442 times
  • The average score is 4 of 6

Answer Stats

DescriptionChocolate% Correct
High content of cocoa solids and cocoa butterDark Chocolate
95%
Chocolate solids mixed with dairy productsMilk Chocolate
95%
Sugar, milk, and cocoa butterWhite Chocolate
85%
Used for baking...or drinkingCocoa Powder
73%
Chocolate that has not been processedRaw Chocolate
54%
New red chocolate using the Ruby cocoa beanRuby Chocolate
34%

Score Distribution

Percentile by Number Answered

Percent of People with Each Score

Your Score History

You have not taken this quiz